| 000 | 00716cam a2200229 a 4500 | ||
|---|---|---|---|
| 001 | 000009081 | ||
| 005 | 20200929161501.0 | ||
| 008 | 820311s1980 cr 001 j spa | ||
| 040 |
_aDO-SdBNP _cDLC _dDLC |
||
| 082 |
_aCa863.3 _bC268p, 1980 |
||
| 100 | 1 |
_aCardona, Jenaro, _q(Jenaro Cardona Valverde), _d1863-1930. _923729 |
|
| 245 | 1 | 3 |
_aEl primo / _cJenaro Cardona. |
| 250 | _a4a ed. | ||
| 260 |
_aSan José, (Costa Rica) : _bCosta Rica, _c1980. |
||
| 300 |
_a210 p. ; _c21 cm. |
||
| 490 | 1 |
_aNuestros clásicos _v17 |
|
| 650 | 4 |
_aCuentos costarricenses _96239 |
|
| 650 | 4 |
_aLiteratura costarricense _93332 |
|
| 830 | 0 |
_aNuestros clásicos ; _v17 _923730 |
|
| 910 | _aCatalogación por copia / LC | ||
| 049 | _aBNGR | ||
| 999 |
_c8845 _d8845 |
||